Central Library OPAC University of Rajshahi

Evolution and the genetics of populations : (Record no. 14530)

MARC details
000 -LEADER
fixed length control field 01034nam a2200253 a 4500
001 - CONTROL NUMBER
control field 14530
003 - CONTROL NUMBER IDENTIFIER
rucl marc code BD-RjUL
005 - DATE AND TIME OF LATEST TRANSACTION
control field 20211208235638.0
008 - FIXED-LENGTH DATA ELEMENTS--GENERAL INFORMATION
fixed length control field 140206s1968 ilua b 001 0 eng d
035 ## - SYSTEM CONTROL NUMBER
System control number (BD-RjUL)14583
040 ## - CATALOGING SOURCE
Original cataloging agency DLC
Language of cataloging eng
Transcribing agency DLC
Modifying agency BD-RjUL
041 ## - LANGUAGE CODE
Language code of text/sound track or separate title eng
082 00 - DEWEY DECIMAL CLASSIFICATION NUMBER
Classification number 575.1
Author mark and year WRE 1968
100 1# - MAIN ENTRY--PERSONAL NAME
Personal name Wright, Sewall,
Dates associated with a name 1889-1988
9 (RLIN) 45315
245 10 - TITLE STATEMENT
Title Evolution and the genetics of populations :
Remainder of title a treatise in three volumes /
Statement of responsibility, etc. Sewall Wright.
Number of part/section of a work volume 1 :
Name of part/section of a work Genetic and biometric foundations.
260 ## - PUBLICATION, DISTRIBUTION, ETC. (IMPRINT)
Place of publication, distribution, etc. Chicago ;
-- London :
Name of publisher, distributor, etc. University of Chicago Press,
Date of publication, distribution, etc. c1968.
300 ## - PHYSICAL DESCRIPTION
Pagination vii, 469 p. :
Illustrations ill. ;
Size 24 cm.
504 ## - BIBLIOGRAPHY, ETC. NOTE
Bibliography, etc Includes bibliographies and index.
505 0# - FORMATTED CONTENTS NOTE
Formatted contents note Contents: v. 1. Genetic and biometric foundations.--v. 2. The theory of gene frequencies.--v. 3. Experimental results and evolutionary deductions.--v. 4. Variability within and among natural populations.
650 #0 - SUBJECT ADDED ENTRY--TOPICAL TERM
Topical term or geographic name as entry element Population genetics.
9 (RLIN) 45316
Topical term or geographic name as entry element Evolution (Biology).
9 (RLIN) 45317
942 ## - ADDED ENTRY ELEMENTS (KOHA)
Source of classification or shelving scheme Dewey Decimal Classification
Koha item type Books
Holdings
Lost status Source of classification or shelving scheme Damaged status Not for loan Collection code Permanent Location Current Location Shelving location Date acquired Source of acquisition Cost, normal purchase price Total Checkouts Full call number Date last seen Copy number Koha item type
  Dewey Decimal Classification   Not For Loan Non-fiction Central Library, University of Rajshahi Central Library, University of Rajshahi Reading Room 18/12/1976 Heffers 13.70   575.1 WRE V-1 1968 06/02/2014 C-1 Books
  Dewey Decimal Classification   Not For Loan Non-fiction Central Library, University of Rajshahi Central Library, University of Rajshahi Reading Room 14/06/1977 Heffors 0.00   575.1 WRE V-2 1969 20/05/2017 C-1 Books
  Dewey Decimal Classification     Non-fiction Central Library, University of Rajshahi Central Library, University of Rajshahi   14/06/1977 Heffors 13.70   575.1 WRE V-2 1969 20/05/2017 C-2 Books
  Dewey Decimal Classification     Non-fiction Central Library, University of Rajshahi Central Library, University of Rajshahi   18/12/1976 Heffers 13.70   575.1 WRE 1968 V-2 22/12/2018 C-3 Books